Business ethics 2 case studies, exercises, vocabulary

Salvato in:
Dettagli Bibliografici
Autore principale: Pauleová, Milada
Ente Autore: Ekonomická univerzita v Bratislave. Ústav jazykov
Natura: Libro
Lingua:inglese
slovacco
Pubblicazione: Bratislava Vydavateľstvo EKONÓM 2006
Soggetti:
Tags: Aggiungi Tag
Nessun Tag, puoi essere il primo ad aggiungerne!!

MARC

LEADER 00000nam$a2200000$$$4500
001 0047146
005 20240502071538.4
020 |a 80-225-2196-5 
041 0 |a eng 
041 0 |a slo 
044 |a SK 
245 1 0 |a Business ethics 2  |b case studies, exercises, vocabulary  |c Milada Pauleová 
264 1 |a Bratislava  |b Vydavateľstvo EKONÓM  |c 2006 
300 |a 69 s. 
610 2 0 |a jazykoveda 
610 2 0 |a terminológia 
610 2 0 |a jazyky cudzie 
610 2 0 |a štúdie prípadové 
610 2 0 |a etika podnikateľská 
100 1 |a Pauleová, Milada 
710 2 |a Ekonomická univerzita v Bratislave. Ústav jazykov